LEADER 00963nam0 22002771i 450 001 UON00323522 005 20231205104150.401 010 $a978-29-07-68107-0 100 $a20090511d1994 |0itac50 ba 101 $afre 102 $aFR 105 $a|||| ||||| 200 1 $aCancer$fMehdi Belhaj Kacem 210 $a[Auch]$cTristram$dc1994 215 $a233 p.$d22 cm 606 $aROMANZI ALGERINI (lett. francofona)$3UONC018262$2FI 620 $dAuch$3UONL004498 676 $aALG843$cNARRATIVA ALGERINA FRANCOFONA$v21 700 1$aKACEM$bMehdi Belhaj$3UONV184895$0699537 712 $aTristram$3UONV275383$4650 801 $aIT$bSOL$c20240220$gRICA 899 $aSIBA - SISTEMA BIBLIOTECARIO DI ATENEO$2UONSI 912 $aUON00323522 950 $aSIBA - SISTEMA BIBLIOTECARIO DI ATENEO$dSI B Afr 1 0502 $eSI AA 29759 5 0502 996 $aCancer$91371441 997 $aUNIOR